Patito feo : (Registro nro. 9289)

Detalles MARC
000 -LEADER
fixed length control field 00663nam a22002417a 4500
001 - CONTROL NUMBER
control field 00105
003 - CONTROL NUMBER IDENTIFIER
control field DO-SdBNP
005 - DATE AND TIME OF LATEST TRANSACTION
control field 20180202144830.0
007 - PHYSICAL DESCRIPTION FIXED FIELD--GENERAL INFORMATION
fixed length control field 00105
008 - FIXED-LENGTH DATA ELEMENTS--GENERAL INFORMATION
fixed length control field 160317b sp 2009 |||| |||| 00| 0 spa d
020 ## - INTERNATIONAL STANDARD BOOK NUMBER
International Standard Book Number 9788408089001
040 ## - CATALOGING SOURCE
Original cataloging agency BPMSU
Language of cataloging spa
Transcribing agency BPMSU
092 ## - LOCALLY ASSIGNED DEWEY CALL NUMBER (OCLC)
Classification number xxxxxxx
Item number xxxxxxx
245 00 - TITLE STATEMENT
Title Patito feo :
Remainder of title el poder de la amistad /
Statement of responsibility, etc. traducción Noelia Palacios.
260 ## - PUBLICATION, DISTRIBUTION, ETC. (IMPRINT)
Place of publication, distribution, etc. España :
Name of publisher, distributor, etc. Planeta,
Date of publication, distribution, etc. 2009
300 ## - PHYSICAL DESCRIPTION
Extent 121 p. :
Other physical details il.,
Dimensions 19 cm.
490 1# - SERIES STATEMENT
Series statement Planeta junior
Volume/sequential designation 2
700 12 - ADDED ENTRY--PERSONAL NAME
Personal name Palacios, Noelia,
Relator term tr
830 #0 - SERIES ADDED ENTRY--UNIFORM TITLE
Uniform title Paneta junior
Number of part/section of a work 2
942 ## - ADDED ENTRY ELEMENTS (KOHA)
Source of classification or shelving scheme Dewey Decimal Classification
Koha item type Libros
945 ## - LOCAL PROCESSING INFORMATION (OCLC)
a Inventariado, 2018 /LP
956 ## - LOCAL ELECTRONIC LOCATION AND ACCESS (OCLC)
Host name Brenda Tavárez
Access number 10
Existencias
Withdrawn status Lost status Source of classification or shelving scheme Damaged status Not for loan Collection code Home library Current library Date acquired Source of acquisition Total Checkouts Barcode Date last seen Price effective from Koha item type
    Dewey Decimal Classification     Colección Juvenil General Biblioteca Pública Metropolitana Salomé Ureña Biblioteca Pública Metropolitana Salomé Ureña 03/17/2016 FUNDI   BPMSu16030164 03/17/2016 03/17/2016 Libros